I presocratici

Gespeichert in:
Bibliographische Detailangaben
1. Verfasser: Schwegler, Albert (VerfasserIn)
Format: Buch
Sprache:Italienisch
Erschienen: L' Aquila : tip. Vecchioni, 1925
Katalog:EDISCO:  Suchergebnis im Bibliothekskatalog
Schulbuchspezifische Eigenschaften:
Schlagworte:
Tags: Tag hinzufügen
Keine Tags, Fügen Sie den ersten Tag hinzu!
Hinzugefügt zu:30.04.2016
Geändert in:18.10.2017

MARC

LEADER 00000aam a22000001 4500
001 00702
003 OSt
005 20171018093251.0
008 160501s1925 it 000 0 ita
040 |c Antonio Parlati - L'Acquila 
041 1 |a ita 
100 1 |a Schwegler, Albert  |e Author  |9 676 
245 0 0 |a I presocratici /  |c Albert Schwegler 
260 |a L' Aquila :  |b tip. Vecchioni,  |c 1925 
300 |a 51 p., 1/1 ;   |c in 8° 
650 4 |a Filosofia  |9 82 
655 |a Manuale  |9 9 
690 7 |a Secondaria superiore  |9 8 
901 |a 1 
942 |2 ddc  |c BK 
546 |a ita 
999 |c 692  |d 692 
999 |c edisco:692  |d 692